Diseño de ecualizadores digitales por medio de una interfaz gráfica al usuario
Gorde:
| Egile nagusia: | |
|---|---|
| Formatua: | Liburua |
| Argitaratua: |
San José, C.R. : [editor no identificado]
2001
|
| Gaiak: | |
| Etiketak: |
Etiketa erantsi
Etiketarik gabe, Izan zaitez lehena erregistro honi etiketa jartzen!
|
MARC
| LEADER | 00000nam a2200000Ia 4500 | ||
|---|---|---|---|
| 003 | 008716 | ||
| 005 | 20221231144202.0 | ||
| 008 | 140114s2001 cr a m 000 ||s d | ||
| 040 | |c cru CEDI | ||
| 090 | |a TFG 4305 | ||
| 100 | |a Murillo Fuentes, Carlos Jaime |9 7808 | ||
| 245 | |a Diseño de ecualizadores digitales por medio de una interfaz gráfica al usuario | ||
| 260 | |c 2001 |a San José, C.R. : [editor no identificado] | ||
| 300 | |a vi, 91 hojas : 1 disquete | ||
| 500 | |a Proyecto de graduación (bachillerato en ingeniería eléctrica)--Universidad de Costa Rica. Facultad de Ingeniería. Escuela de Ingeniería Eléctrica | ||
| 650 | |x FILTROS ELECTRICOS |x DISEÑO Y CONSTRUCCION |x PROCESAMIENTO ELECTRONICO DE DATOS |x MICROPROCESADORES |x SISTEMAS DE TRANSMISION DE DATOS |9 7809 | ||
| 942 | |c TFG | ||
| 999 | |c 18133 |d 18133 | ||
